000 00571nam a2200181Ia 4500
005 20250326142043.0
008 250326s9999 xx 000 0 und d
037 _aTextbook
040 _aFMSL
_beng
_cFMSL
041 _aeng
_2eng
084 _aX9B M6
_qFMSL
100 _aMishra S N
245 0 _aOrganisational requirements of village and small scale Industries: acase study of Alwar district of Rajasthan
_cMishra S N; Sharma Kushal
260 _aDelhi
_bDelhi, Mittal
_c1986
300 _aviii,148
942 _cTB
_hX9B M6
999 _c1293222
_d1293222